Primo titolo ai Mondiali di calcio - Statistics

Statistiche generali
  • Questo quiz è stato fatto 121 volte
  • Il punteggio medio è 6 su 8
Statistiche sulle risposte
Hint Risposta % Corretto
Uruguay 1930
91%
Italia 1934
83%
Inghilterra 1966
83%
Spagna 2010
82%
Francia 1998
79%
Argentina 1978
74%
Germania 1954
67%
Brasile 1958
62%
Nessun quiz corrispondente trovato
Distribuzione punteggi
Percentuale di utenti per punteggio
Percentile per numero di risposta
I tuoi punteggi nel tempo
Non hai fatto questo quiz